000 00397nam a2200145 i 4500
001 45195
003 ES-MaACL
005 20230906161157.0
007 t|
008 030325s1803 fr ||||1| fre d
245 0 0 _aCode civil
_b: contenant la serie des lois qui le composent avec leurs motifs.
260 _aParis :
_bGarnery,
_c1803.
300 _a4 v. ;
_c20 cm.
852 _aES-MaACL
_jC-3389-92
999 _c45195
_d45195